The zero-sum solution : Building a world-class American economy
Đã lưu trong:
| Hovedforfatter: | |
|---|---|
| Format: | Bog |
| Sprog: | Undetermined |
| Udgivet: |
New York
Simon and Schuster
1985
|
| Fag: | |
| Tags: |
Tilføj Tag
Ingen Tags, Vær først til at tagge denne postø!
|
| Thư viện lưu trữ: | Trung tâm Học liệu Trường Đại học Cần Thơ |
|---|
| LEADER | 00539nam a2200193Ia 4500 | ||
|---|---|---|---|
| 001 | CTU_82170 | ||
| 008 | 210402s9999 xx 000 0 und d | ||
| 082 | |a 338.973 | ||
| 082 | |b T542 | ||
| 100 | |a Thurow, Lester C. | ||
| 245 | 4 | |a The zero-sum solution : | |
| 245 | 0 | |b Building a world-class American economy | |
| 245 | 0 | |c Lester C. Thurow | |
| 260 | |a New York | ||
| 260 | |b Simon and Schuster | ||
| 260 | |c 1985 | ||
| 650 | |a Economic conditions | ||
| 904 | |i Trọng Hải | ||
| 980 | |a Trung tâm Học liệu Trường Đại học Cần Thơ | ||